Repertorio de la vida local de España ... : legislación, jurisprudencia, resoluciones, dictámenes, nomenclator legislación, jurisprudencia, resoluciones, dictámenes, nomenclator
Descripción Física:
v. ; 23 cm
MARC
| LEADER | 00000nam a2200000Ia 4500 | ||
|---|---|---|---|
| 001 | 14332, 14145, 14146, 14317, 13730, 14281, 14162, 14282, 14283, 14188, 14284, 14163 | ||
| 008 | 160829s1958 - xx 000 0 cat d | ||
| 080 | |a M-4-202, M-4-134, M-4-135, M-4-199, M-4-29, M-4-193, M-4-140, M-4-194, M-4-195, M-4-162, M-4-196, M-4-141 | ||
| 245 | |a Repertorio de la vida local de España ... : |b legislación, jurisprudencia, resoluciones, dictámenes, nomenclator | ||
| 260 | |a Madrid : |b Instituto de Estudios de Administración Local, |c 1958 - | ||
| 300 | |a v. ; |c 23 cm | ||
| 590 | |a Nomenclator. | ||
| 590 | |a Índexs | ||
| 650 | 0 | |a Administració local |x Dret i legislació |z Espanya |9 11255 | |
| 650 | |a Administració local |x Espanya |x Jurisprudència |9 30250 | ||
| 650 | |a Administració local |x Sentències |x Espanya |9 30251 | ||
| 710 | 2 | |a Instituto de Estudios de Administración Local (Espanya) |9 54775 | |
| 866 | |a 1957, 1958, 1961, 1962, 1965, 1966, 1968, 1969, 1970, 1971, 1972, 1973 | ||
| 901 | |a Arxiu | ||
| 942 | |n 1 | ||
| 952 | |0 0 |1 0 |4 0 |6 M4202_M4134_M4135_M4199_M429_M4193_M4140_M4194_M4195_M4162_M4196_M4141 |7 1 |9 45349 |a Arxiu |b Arxiu |d 2016-12-01 |l 0 |o M-4-202, M-4-134, M-4-135, M-4-199, M-4-29, M-4-193, M-4-140, M-4-194, M-4-195, M-4-162, M-4-196, M-4-141 |p 14332, 14145, 14146, |r 2016-12-01 00:00:00 |w 2016-12-01 |y ARXIU | ||
| 999 | |c 48423 |d 48423 | ||